000 00294nam a22001337a 4500
008 170619b xxu||||| |||| 00| 0 eng d
020 _a9780814751459
041 _aeng
080 _a94
100 _a20
101 _aSHP
245 _aTHE WOMEN & WAR READER
_cLORENTZEN,L.A
942 _2udc
_cBK
999 _c18078
_d18078